South Eastern Kenya University

Library Online Public Access Catalogue


Implication of urban domestic water distribution on human health in Machakos central ward, Machakos County, Kenya (Record no. 18785)

MARC details
000 -LEADER
fixed length control field 00341nam a22001097a 4500
050 ## - LIBRARY OF CONGRESS CALL NUMBER
Classification Number (The) TD 346
Item Number .N9 2024
100 ## - MAIN ENTRY--Author
Personal name Nzioki Lucy Nthenya
245 ## - TITLE
Title Implication of urban domestic water distribution on human health in Machakos central ward, Machakos County, Kenya
300 ## - PHYSICAL DESCRIPTION
Extent 99p.
650 ## - SUBJECT--TOPIC
Topical term following geographic name as entry element Water distribution
942 ## - ADDED ENTRY ELEMENTS(KOHA)
Source of classification or shelving scheme Library of Congress Classification
Koha item type Thesis
Holdings
Source of classification or shelving scheme Not for loan Location (home branch) Sublocation (holding branch) Shelving location Date accessioned Full call number Barcode Koha item type
Library of Congress Classification   Wote Campus Library Wote Campus Library Reference 09/03/2026 (The) TD 346 .N9 2024 2024/027112 Thesis
Kitui, Kenya.
+254736116989
library@seku.ac.ke